রচনাবলী / (Record no. 12522)
[ view plain ]
| 000 -LEADER | |
|---|---|
| fixed length control field | 00870nam a2200241 a 4500 |
| 001 - CONTROL NUMBER | |
| JCCL Control Number | 12522 |
| 003 - CONTROL NUMBER IDENTIFIER | |
| JCCL marc code | BD-JhCC |
| 005 - DATE AND TIME OF LATEST TRANSACTION | |
| control field | 20220615085803.0 |
| 008 - FIXED-LENGTH DATA ELEMENTS--GENERAL INFORMATION | |
| fixed length control field | 220615s19802021 bd |||| |||| 000 0 ban d |
| 020 ## - INTERNATIONAL STANDARD BOOK NUMBER | |
| International Standard Book Number | 9789841107833 |
| 035 ## - SYSTEM CONTROL NUMBER | |
| system control number | (BD-JhCC)12522 |
| 040 ## - CATALOGING SOURCE | |
| Original cataloging agency | BD-JhCC |
| Modifying agency | BD-JhCC |
| 041 ## - LANGUAGE CODE | |
| Language code of Book | Bangla |
| 082 ## - DEWEY DECIMAL CLASSIFICATION NUMBER | |
| Classification number | 891.443 |
| Author mark and Year | RAI 2021 |
| 100 ## - MAIN ENTRY--PERSONAL NAME | |
| Personal name | রায়হান, জহির |
| 245 ## - TITLE STATEMENT | |
| Title | রচনাবলী / |
| Statement of responsibility, etc | জহির রায়হান, ডক্টর আশরাফ সিদ্দিকী (সম্পা.) |
| 260 ## - PUBLICATION, DISTRIBUTION, ETC. (IMPRINT) | |
| Place of publication, distribution, etc | ঢাকা : |
| Name of publisher, distributor, etc | আহমদ পাবলিশিং হাউস, |
| Date of publication, distribution, etc | ২০২১ |
| 300 ## - PHYSICAL DESCRIPTION | |
| Pagination | খন্ড: ২ |
| Dimensions | ২১ সেমি. |
| 650 ## - SUBJECT ADDED ENTRY--TOPICAL TERM | |
| Topical term or geographic name as entry element | বাংলা উপসন্যাস |
| 650 ## - SUBJECT ADDED ENTRY--TOPICAL TERM | |
| Topical term or geographic name as entry element | Bangla Novel |
| 700 ## - ADDED ENTRY--PERSONAL NAME | |
| Personal name | সিদ্দিকী, ডক্টর আশরাফ |
| 942 ## - ADDED ENTRY ELEMENTS (KOHA) | |
| Source of classification or shelving scheme | Dewey Decimal Classification |
| Koha item type | Books |
| Source of classification or shelving scheme | volume number | Damaged status | Not for loan | Home library | Current library | Shelving location | Date of accession | Cost, normal purchase price | Total Checkouts | Full call number | Barcode | Checked out | Date last seen | Date checked out | Copy number | Koha item type |
|---|---|---|---|---|---|---|---|---|---|---|---|---|---|---|---|---|
| Dewey Decimal Classification | V-1 | JCC Rouf Library | JCC Rouf Library | General Stacks | 06/14/2022 | 288.00 | 9 | 891.443 RAI 2021 | 17379 | 12/04/2025 | 11/10/2025 | 11/10/2025 | C-1 | Books | ||
| Dewey Decimal Classification | V-2 | JCC Rouf Library | JCC Rouf Library | General Stacks | 06/14/2022 | 252.00 | 5 | 891.443 RAI 2022 | 17380 | 09/02/2025 | 08/26/2025 | C-1 | Books | |||
| Dewey Decimal Classification | V-1 | JCC Rouf Library | JCC Rouf Library | General Stacks | 09/13/2022 | 288.00 | 5 | 891.443 RAI 2021 | 17542 | 10/22/2024 | 09/29/2024 | C-2 | Books |